000 00494nam a2200193Ia 4500
005 20250423100726.0
008 250422s9999 xx 000 0 und d
020 _a9781260548112
050 _aHD 39.5 .J64/
100 _aJohnson, Fraser P.
245 0 _aPurchasing and supply management
250 _a6th ed.
260 _aNew York
260 _bMcGraw Hill Education
260 _c2020
300 _a558 p
650 _aIndustrial procurement. Materials management.
942 _cBK
999 _c34164
_d34164